000 00561nam a2200205Ia 4500
005 20260429112209.0
008 260429s9999||||xx |||||||||||||| ||und||
020 _a9789355279774
041 _aEnglish
082 _a894.811
_bKAN
100 _aKaṇṇanār, Uruthiraṅ
245 0 _aPattinapalai /
_cUruthiraṅ Kaṇṇanār
250 _a1st ed.
260 _aChennai :
_bMJP Publishers ,
_c2024.
300 _avii, 63 p.; pbk
650 _a Sangam literature
650 _aTamil classical literature
700 _a Venkataraman, R.
942 _cTB
999 _c52838
_d52838